000 00281nam a2200121Ia 4500
008 190216s9999||||xx |||||||||||||| ||und||
100 _aAlan R Gemmell
245 0 _aDevelopment Plant Anatomy
260 _bEdward Arnold Ltd
_c1969
300 _a60
650 _aBotany
942 _cBK
999 _c1214
_d1214